000
00318nam a2200133Ia 4500
008
240624s9999 xx 000 0 und d
041
_a
eng
082
_a
658.8 McD
100
_a
MCDONALD MALCOLM
245
_a
MARKETING AND FINANCE CREATING SHAREHOLD
260
_c
2013
_b
Wiley
300
_a
280 : p.
365
_c
_b
30
999
_c
25350
_d
25350